• 首页
  • 本馆介绍
  • 公告通知
  • 最新文献
  • 馆藏检索
  • 电子资源
  • 读者导购
  • 参考咨询
  • 我的图书馆
  • 登录
  • 详细信息显示
  • 放入我的书架
  • 预约/预借图书
  • 作者相关作品
  • 分类相关作品
  • 丛书相关作品
  • 出版社相关作品

书目信息

  • 表格格式
  • 工作单格式
  • 卡片格式
题名:
建筑电气工程识图
    
 
作者: 张巍 主编
分册:  
出版信息: 北京   清华大学出版社  2020.8
页数: 178页
开本: 26cm
丛书名:
单 册:
中图分类: TU85
科图分类:
主题词: 建筑工程--电气设备--电路图--识别
电子资源:
ISBN: 978-7-302-36322-4
000 01047nam0 2200253 45
001 012001002375
005 20140914085101.0
010    @a978-7-302-36322-4@dCNY35.00
100    @a20150930d2015 em y0chiy50 ea
101 0  @achi
102    @aCN@b110000
105    @aa z 000yy
106    @ar
200 1  @a建筑电气工程识图@Ajian zhu dian qi gong cheng shi tu@b专著@e建筑电气工程岗位技能从新手到高手@f张巍主编
210    @a北京@c清华大学出版社@d2020.8
215    @a178页@d26cm
300    @a其他题名:建筑电气工程岗位技能从新手到高手
330    @a本书主要内容包括:建筑电气施工图基础、变配电施工图识读、动力及照明施工图识读、民用建筑锅炉房电气线路施工图识读、送电线路施工图识读、防雷接地施工图识读、电气设备控制电路图识读、弱电施工图识读等内容。
517 1  @a建筑电气工程岗位技能从新手到高手@Ajian zhu dian qi gong cheng gang wei ji neng cong xin shou dao gao shou
606 0  @a建筑工程@x电气设备@x电路图@x识别
690    @aTU85@v5
701  0 @a张巍@Azhang wei@4主编
801  0 @aCN@bBJSDL@c20211011
905    @b1339485-7@dTU85@e2028@f3
    
    建筑电气工程识图:建筑电气工程岗位技能从新手到高手/张巍主编.-北京:清华大学出版社,2020.8
    178页;26cm
    其他题名:建筑电气工程岗位技能从新手到高手
    
    ISBN 978-7-302-36322-4:CNY35.00
    本书主要内容包括:建筑电气施工图基础、变配电施工图识读、动力及照明施工图识读、民用建筑锅炉房电气线路施工图识读、送电线路施工图识读、防雷接地施工图识读、电气设备控制电路图识读、弱电施工图识读等内容。
●
相关链接 在E读中查询图书 在五车中查询图书 在当当中查询图书 在豆瓣中查询图书


正题名:建筑电气工程识图     索取号:TU85/2028         预约/预借

序号 登录号 条形码 馆藏地/架位号 状态 备注
1 1339485   213394851   第二样本阅览室/ [索取号:TU85/2028] 在馆    
2 1339486   213394860   第三借阅区/ [索取号:TU85/2028] 在馆    
3 1339487   213394879   第三借阅区/ [索取号:TU85/2028] 在馆    
唐山师范学院图书馆 欢迎您!
大连网信软件有限公司© 版权所有